00833cam a22002417a 4500003000500000005001700005008004100022010001000063011001000073020001500083035001100098040000900109082001200118100003100130245016200161260010700323300001100430490003700441650002600478700002400504700002600528830003700554CHAP20220817044006.0050215d2003 mx r 00110 spa d a89557 a90529 a9707013958 a101085 cCHAP04a378bB800aBurgos, Benjamínbcoord.10aEstructura económica y demanda de educación superior en el noroeste de Méxicoc/coord. por Benjamín Burgos, Alejandro Mungaray y Juan Manuel Ocegueda aMéxico, D. F. :bAsociación Nacional de Universidades e Institutos de Educación Superior,c2003. a323 p. 0aProblemas educativos de México14aEducación superior.0 aMungaray, Alejandro0 aOcegueda, Juan Manuel00aProblemas educativos de México